| 000 | 00775nmc a2200277 a 4500 | ||
|---|---|---|---|
| 003 | AR-BaBNM | ||
| 005 | 20251128203228.0 | ||
| 008 | 046019s1960 ||||||||||||||000 | spa|| | ||
| 040 | _cAR-BaBNM | ||
| 100 | 1 |
_aAscasubi, Hilario _d1807-1875 |
|
| 245 | 1 | 0 |
_aPaulino Lucero ; _bAniceto el Gallo ; Santos Vega |
| 260 |
_aBuenos Aires _bEudeba _c1960 |
||
| 300 | 0 |
_a188 p. _bil. |
|
| 490 | 0 |
_aSerie del siglo y medio _vv. 15 |
|
| 500 | 0 | _aContiene ilustraciones en color de HĂ©ctor BasaldĂșa | |
| 650 | 4 | _aLITERATURA ARGENTINA | |
| 650 | 4 | _aPOESIA | |
| 650 | 4 | _aANTOLOGIAS | |
| 650 | 4 | _aHISTORIA SOCIAL | |
| 653 | 0 | _aGAUCHOS | |
| 653 | 0 | _aLITERATURA GAUCHESCA | |
| 655 | _aLITERATURA | ||
| 700 | 1 |
_aBorges, Jorge Luis _ecomentarista |
|
| 942 | _cBK | ||
| 998 | _cisola | ||
| 999 |
_c2492 _d2492 |
||